| 000 | 00487cam a2200193 4500 | ||
|---|---|---|---|
| 001 | D9867 | ||
| 008 | 090401t1972 xxu||||| |||| 00| 0 eng d | ||
| 035 | _a(Sirsi) u95075 | ||
| 041 | _aeng | ||
| 050 | _a692.5 | ||
| 100 | _aWilliams, B.J. | ||
| 245 | 4 | _aThe relationship between estimating and work study | |
| 260 |
_aAscot _bInstitute of Building _c1972 |
||
| 300 | _a14p. 30cm | ||
| 350 | _a0 | ||
| 490 |
_aEstimating Information Service _v3 |
||
| 942 | _n0 | ||
| 948 | _c04/03/1997 | ||
| 999 |
_c98282 _d98282 |
||